Význam modelovania v poisťovníctve

Modelovanie ako prostriedok skúmania reálnych systémov. Fázy modelovania. Modelovanie v poisťovníctve. Skúmanie a sledovanie javov v rámci vopred vytvorených matematicko-štatistických modelov. História poistného modelovania. Niektoré dilemy poistného modelovania.

Enregistré dans:
Détails bibliographiques
Auteur principal: Krátka, Zuzana, 1968-
Format: Chapitre de livre
Langue:slovaque
Sujets:
Tags: Ajouter un tag
Pas de tags, Soyez le premier à ajouter un tag!

MARC

LEADER 00000naa$a2200000$$$4500
001 0056465
005 20240502071636.1
041 0 |a slo 
044 |a SK 
245 1 0 |a Význam modelovania v poisťovníctve  |c Zuzana Krátka 
520 |a Modelovanie ako prostriedok skúmania reálnych systémov. Fázy modelovania. Modelovanie v poisťovníctve. Skúmanie a sledovanie javov v rámci vopred vytvorených matematicko-štatistických modelov. História poistného modelovania. Niektoré dilemy poistného modelovania. 
610 2 0 |a poisťovníctvo 
610 2 0 |a poisťovne 
610 2 0 |a poistenie životné 
610 2 0 |a poistenie neživotné 
610 2 0 |a riziko 
610 2 0 |a modelovanie matematické 
610 2 0 |a modely 
610 2 0 |a pravdepodobnosť 
100 1 |a Krátka, Zuzana, 1968-